[Event "Let's Play Chess!"]
[Site "http://www.queenalice.com/game.php?id=203929"]
[Date "2007.4.29"]
[Round "-"]
[White "Manzoleu"]
[Black "MCA"]
[Result "1-0"]
[WhiteElo "1829"]
[BlackElo "1500"]

1. e4 e5 2. Bc4 Qg5 3. g3 Qg6 4. Nc3 Nf6 5. Nf3 d6 6. d3 Bg4 7. Nd5 Nxd5 8. Bxd5
c6 9. Bb3 Qf6 10. Bxf7+ Kxf7 11. Nxe5+ dxe5 12. Qxg4 Bc5 13. Be3 b6 14. Bxc5
bxc5 15. f4 Re8 16. fxe5 Qxe5 17. O-O+ Kg8 18. Rf5 Qd4+ 19. Kg2 Nd7 20. Raf1
Qxb2 21. Rf7 Qd4 22. Rxd7 Qe5 23. Rff7 g6 24. Rxh7 Re6 25. Rb7 Rf8 26. Rbg7+
Qxg7 27. Rxg7+ Kxg7 28. Qxe6 Rf7 29. Qxc6 Kh6 30. e5 Kg5 31. e6 Rf5 32. e7 c4
33. e8=B Rf6 34. h4+ Kf5 35. Qe4# 1-0

[Event "Challenge"]
[Site "http://www.queenalice.com/game.php?id=242261"]
[Date "2007.7.19"]
[Round "-"]
[White "MCA"]
[Black "sunflower"]
[Result "0-1"]
[WhiteElo "1683"]
[BlackElo "1570"]

1. e3 d5 2. Nc3 Nf6 3. h3 e5 4. Qf3 Be6 5. Bd3 Nc6 6. Bb5 Bc5 7. Bxc6+ bxc6 8.
Nge2 e4 9. Qg3 O-O 10. O-O Rb8 11. b3 Qd7 12. Bb2 Nh5 13. Qe5 Bf5 14. Nf4 Rbe8
15. Qxe8 Rxe8 16. Nxh5 Qe6 17. Nf4 Qh6 18. Na4 Bb4 19. Bc3 Be7 20. Nb2 g5 21.
Ne2 g4 22. Kh2 Bd6+ 23. Ng3 Bc8 24. Rh1 gxh3 25. Kg1 Re6 26. Rxh3 Qg6 27. Na4
Bxg3 28. Rxg3 h5 29. Rxg6+ Rxg6 30. g3 Bg4 31. Bd4 a6 32. Nc5 a5 33. Na6 Bf3 34.
Nxc7 h4 35. Be5 f6 36. Bf4 Kf7 37. c3 f5 38. Na6 Rg8 39. Nc5 hxg3 40. fxg3 Rh8
41. Rf1 Rh1+ 42. Kf2 Rh2+ 43. Ke1 Re2+ 44. Kd1 Rf2+ 45. Ke1 Re2+ 46. Kd1 Rf2+
47. Kc2 Rxf1 48. Kb2 Rd1 49. Ka3 Rxd2 50. Nd7 Bd1 51. Ne5+ Ke6 52. Nxc6 Kd7 53.
Nxa5 Rc2 54. Be5 Be2 55. Nb7 Ke6 56. Bd4 Bd3 57. Nd8+ Ke7 58. Nc6+ Kd6 59. Nb4
Rg2 60. Ba7 Bb5 61. c4 dxc4 62. bxc4 Bxc4 63. Bb8+ Ke6 64. Ka4 Bxa2 65. Nxa2
Rxa2+ 66. Kb3 Re2 67. Bf4 Rd2 68. Kc4 Rd3 69. Kc5 Kf6 70. Kc4 Kg6 71. Kc5 Kh5
72. Kc4 Kg4 73. Kc5 Kf3 74. Kc4 Rxe3 75. Kd4 Rd3+ 76. Ke5 e3 77. Kxf5 e2 78. g4
e1=Q 79. Kg5 Qg1 80. Kf5 Qxg4+ 81. Ke5 Qxf4+ 82. Ke6 Rd6+ 83. Ke7 Qf6+ 84. Ke8
Rd8# 0-1

[Event "Challenge"]
[Site "http://www.queenalice.com/game.php?id=247788"]
[Date "2007.7.29"]
[Round "-"]
[White "Leofelix"]
[Black "MCA"]
[Result "0-1"]
[WhiteElo "1401"]
[BlackElo "1662"]

1. d4 c5 2. dxc5 Qa5+ 3. Bd2 Qxc5 4. Bf4 Nf6 5. f3 d6 6. e4 Nc6 7. c3 Nh5 8. Bg3
e5 9. Bf2 Qa5 10. b4 Qc7 11. Qd5 Be6 12. Qb5 Be7 13. Bc4 O-O 14. Nh3 Nf4 15.
Nxf4 exf4 16. Bxe6 fxe6 17. O-O Bf6 18. Rd1 Rfd8 19. Qc4 Re8 20. b5 Qa5 21. bxc6
Rac8 22. Rxd6 Rxc6 23. Rxc6 bxc6 24. Bd4 Bxd4+ 25. Qxd4 Rd8 26. Qc4 Qb6+ 27. Kf1
Rd6 28. Qe2 e5 29. Qc4+ Kf8 30. Qe2 Rh6 31. h3 Rg6 32. Nd2 Qb2 33. Nb3 Qxc3 34.
Rc1 Qe3 35. Qxe3 fxe3 36. Na5 e2+ 37. Kf2 c5 38. Re1 Ra6 39. Nc4 Rxa2 40. Rxe2
Ra6 41. Nxe5 Ke7 42. Nc4 Ke6 43. f4 g6 44. e5 Ra4 45. Rc2 Kd5 46. Nd6 Rxf4+ 47.
Ke3 Ra4 48. Ne4 Rxe4+ 49. Kf3 Rxe5 0-1

[Event "Let's Play Chess!"]
[Site "http://www.queenalice.com/game.php?id=265569"]
[Date "2007.9.2"]
[Round "-"]
[White "MCA"]
[Black "Petruzza"]
[Result "1-0"]
[WhiteElo "1614"]
[BlackElo "1559"]

1. e3 e5 2. Qf3 d5 3. h3 e4 4. Qe2 Nf6 5. Na3 b6 6. Qd1 g5 7. g4 a5 8. b3 Nfd7
9. Bb2 f6 10. Bb5 Ba6 11. Qe2 Bxb5 12. Qxb5 c6 13. Qe2 a4 14. Nb1 a3 15. Bd4 c5
16. Bc3 Ne5 17. Bxe5 fxe5 18. Nc3 d4 19. Nxe4 Na6 20. exd4 cxd4 21. Qb5+ Ke7 22.
Qxe5+ Kf7 23. Qf5+ Kg7 24. O-O-O Bb4 25. Nxg5 d3 26. Ne6+ Kg8 27. Nxd8 Rxd8 28.
c3 Bc5 29. Re1 Kg7 30. g5 Rhf8 31. Qe5+ Kg6 32. f4 Rde8 33. Qxe8+ Rxe8 34. Rxe8
Nc7 35. Re5 Bd6 36. Nf3 Bxe5 37. Nxe5+ Kf5 38. Nxd3 Ne6 39. Re1 Nc5 40. Re5+ Kg6
41. Nxc5 1-0

[Event "Challenge"]
[Site "http://www.queenalice.com/game.php?id=275619"]
[Date "2007.9.22"]
[Round "-"]
[White "MCA"]
[Black "danniel"]
[Result "1-0"]
[WhiteElo "1626"]
[BlackElo "1657"]

1. e3 e5 2. Nf3 Bd6 3. d4 Nf6 4. Bc4 e4 5. Ng5 O-O 6. a3 b5 7. Bxb5 a6 8. Bc4
Nd5 9. Nxe4 Nb6 10. Bb3 Qh4 11. Nxd6 cxd6 12. Qf3 Ra7 13. Nc3 Bb7 14. Qg3 Qf6
15. Bd2 Bc6 16. Ne2 Re8 17. Bc3 d5 18. Nf4 d6 19. Nh5 Qh6 20. Nf4 Rae7 21. Bd2
g5 22. Nh3 Bd7 23. Nxg5 Kh8 24. O-O-O f6 25. Qxd6 Nc6 26. e4 Qh4 27. Qxf6+ Rg7
28. Nf7+ Kg8 29. Nh6+ Kh8 30. Qxh4 Nxd4 31. Bc3 Ne2+ 32. Kb1 Nxc3+ 33. bxc3 Rxe4
34. Qd8+ Be8 35. Qxb6 Bb5 36. Rxd5 Rxg2 37. Rd8+ Be8 38. Qf6+ Rg7 39. Qf8+ Rg8
40. Qxg8# 1-0

[Event "Challenge #94"]
[Site "http://www.queenalice.com/game.php?id=276870"]
[Date "2007.9.25"]
[Round "-"]
[White "Kirkland"]
[Black "MCA"]
[Result "1-0"]
[WhiteElo "2376"]
[BlackElo "1683"]

1. d4 d5 2. Nf3 Be6 3. e3 Bg4 4. c4 Bxf3 5. Qxf3 c6 6. Nc3 Nf6 7. Bd3 Na6 8.
cxd5 Nxd5 9. e4 Nxc3 10. bxc3 e6 11. Rb1 Rb8 12. O-O Nc7 13. Qg3 Bd6 14. Qxg7
Rf8 15. Qxh7 Kd7 16. f4 Kc8 17. a4 Ne8 18. e5 Be7 19. f5 Nc7 20. f6 1-0

[Event "Challenge"]
[Site "http://www.queenalice.com/game.php?id=283458"]
[Date "2007.10.9"]
[Round "-"]
[White "MCA"]
[Black "technicaldraw"]
[Result "0-1"]
[WhiteElo "1693"]
[BlackElo "1962"]

1. e3 e5 2. Qf3 d5 3. Nh3 Nf6 4. Nc3 Bxh3 5. Qxh3 c5 6. Bb5+ Nc6 7. Qf5 Bd6 8.
Ba4 a6 9. Bxc6+ bxc6 10. O-O O-O 11. b3 Qc7 12. Ba3 e4 13. g3 Rae8 14. Qh3 d4
15. Nd1 Re5 16. Re1 Rh5 17. Qg2 Ng4 18. h3 Ne5 19. Qxe4 Rxh3 20. Kg2 f5 21. Qf4
Rh2+ 22. Kxh2 Ng4+ 23. Qxg4 fxg4 24. Rg1 Rf6 25. exd4 Rh6+ 26. Kg2 cxd4 27. Bxd6
Qxd6 28. Nb2 Qd5+ 29. Kf1 Qf3 30. Re1 Rh2 31. Nd3 h5 32. Re8+ Kh7 33. Re2 Rh1
34. Nf4 Rxg1+ 35. Kxg1 g5 36. Re7+ Kg8 37. Nxh5 Qd1+ 38. Kh2 Qxc2 39. Rg7+ Kf8
40. Rxg5 Qxa2 0-1

[Event "Challenge"]
[Site "http://www.queenalice.com/game.php?id=283493"]
[Date "2007.10.9"]
[Round "-"]
[White "technicaldraw"]
[Black "MCA"]
[Result "0-1"]
[WhiteElo "1873"]
[BlackElo "1610"]

1. e4 e5 2. Nf3 Qf6 3. Bc4 Bc5 4. d3 h6 5. Nc3 c6 6. O-O Ne7 7. Be3 d6 8. Bxc5
dxc5 9. h3 Ng6 10. Ne2 Nh4 11. Nxh4 Qxh4 12. Ng3 Qg5 13. Qf3 f6 14. a4 Na6 15.
c3 h5 16. Rfe1 h4 17. Bxa6 hxg3 18. Bc4 gxf2+ 19. Kxf2 Rh4 0-1

[Event "diego"]
[Site "http://www.queenalice.com/game.php?id=302100"]
[Date "2007.11.11"]
[Round "-"]
[White "diego_flavio14"]
[Black "MCA"]
[Result "1-0"]
[WhiteElo "1555"]
[BlackElo "1684"]

1. d4 c5 2. dxc5 Qa5+ 3. Nc3 Qxc5 4. Be3 Qb4 5. Qc1 g6 6. Nf3 Bg7 7. Bd2 h5 8.
Nd5 Qxb2 9. Qxb2 Bxb2 10. Rb1 Bf6 11. Nc7+ Kd8 12. Nxa8 Nc6 13. Bf4 e5 14. Bg5
Nd4 15. Bxf6+ Nxf6 16. Nxd4 exd4 17. e3 Re8 18. Rb3 Nd5 19. Bd3 dxe3 20. fxe3
Nxe3 21. Kf2 Ng4+ 22. Kg3 Re3+ 23. Kh4 b6 24. h3 Nh6 25. Kg5 Ng8 26. Rc3 Re5+
27. Kh4 Rd5 28. Nc7 Rd4+ 29. Kg3 h4+ 30. Kh2 Nf6 31. Re1 Bb7 32. Bf1 Bc6 33. Na6
Rd2 34. Nb8 Ne4 35. Nxc6+ dxc6 36. Rxe4 Kd7 37. Rd3+ Rxd3 38. Bxd3 Kd6 39. Rxh4
Ke7 40. Kg3 a5 41. Kf4 Kf6 42. Rg4 b5 43. Ke4 b4 44. Kd4 Ke6 45. Kc5 Kd7 46. Kb6
a4 47. Rxb4 a3 48. Rd4+ Ke7 49. Kxc6 Kf6 50. Kd6 Kg5 51. Rg4+ Kh6 52. Ke7 f5 53.
Bxf5 gxf5 54. Rg8 f4 55. Kf6 Kh5 56. Rh8# 1-0

[Event "Challenge"]
[Site "http://www.queenalice.com/game.php?id=304600"]
[Date "2007.11.15"]
[Round "-"]
[White "MCA"]
[Black "cunha"]
[Result "0-1"]
[WhiteElo "1673"]
[BlackElo "2202"]

1. e4 c5 2. Qf3 Nc6 3. b3 Nf6 4. Bb2 e5 5. Bc4 Nd4 6. Bxd4 cxd4 7. Nh3 d5 8.
Bxd5 Nxd5 9. exd5 Qf6 10. Qxf6 gxf6 11. a4 Rg8 12. Kf1 Bf5 13. d3 Rc8 14. Ra2
Bxd3+ 15. cxd3 Rc1+ 16. Ke2 Rxh1 17. Nd2 Rxh2 18. Nf3 Rhxg2 19. Rc2 Kd7 20. Nh4
Rh2 21. Nf5 Rxh3 22. a5 Bb4 23. a6 bxa6 24. Rc4 a5 25. Rc6 Rc8 26. Rxc8 Kxc8 27.
Ng3 Rxg3 28. fxg3 f5 29. Kf3 Kd7 30. g4 Kd6 31. gxf5 Kxd5 32. Kg4 e4 33. dxe4+
Kxe4 34. f6 d3 35. Kg5 d2 36. Kh6 d1=Q 37. Kxh7 Qh5+ 0-1

[Event "MCA vs RCA"]
[Site "http://www.queenalice.com/game.php?id=357636"]
[Date "2008.2.20"]
[Round "-"]
[White "MCA"]
[Black "technicaldraw"]
[Result "1/2-1/2"]
[WhiteElo "1673"]
[BlackElo "2002"]

1. e4 e6 2. Nc3 c5 3. d3 Nc6 4. Nh3 Be7 5. Be3 d5 6. exd5 exd5 7. d4 Bxh3 8.
gxh3 Bf6 9. Bb5 Ne7 10. Bxc6+ bxc6 11. Ne2 cxd4 12. Bxd4 Nf5 13. c3 Qe7 14. O-O
Nxd4 15. Nxd4 Qd7 16. Re1+ Kd8 17. Qa4 Bxd4 18. Qxd4 Qxh3 19. Re3 Qf5 20. Qh4+
f6 21. Rae1 Qg5+ 1/2-1/2